000
00240nam a2200097Ia 4500
001
1250544
005
20251031150858.0
008
251031s9999 xx 000 0 und d
245
0
_c
DOĞU YÜCEL
_a
B-1 HAYALET KİTAP
260
_b
CAN YAYINLARI
999
_c
1250544
_d
1250544